Dulce et Decorum Est - Statistics

General Stats
  • This quiz has been taken 108 times
  • The average score is 80 of 222
Answer Stats
Answer % Correct
decorum
88%
Dulce
88%
et
86%
est
82%
a
75%
I
73%
the
73%
in
59%
In
59%
pro
59%
mori
57%
of
57%
patria
57%
to
57%
An
55%
he
55%
we
55%
you
55%
me
53%
gas
51%
Gas
51%
boys
47%
like
45%
not
45%
Quick
45%
and
43%
Men
43%
old
43%
on
43%
lie
41%
with
41%
blood
39%
fumbling
39%
him
39%
man
39%
or
39%
that
39%
If
37%
some
37%
as
35%
beggars
35%
coughing
35%
fire
35%
for
35%
hags
35%
our
35%
out
35%
tell
35%
behind
33%
but
33%
But
33%
green
33%
just
33%
lime
33%
my
33%
through
33%
too
33%
under
33%
would
33%
Bent
31%
double
31%
drowning
31%
ecstasy
31%
sacks
31%
sea
31%
All
29%
all
29%
at
29%
children
29%
could
29%
dreams
29%
kneed
29%
knock
29%
sludge
29%
time
29%
wagon
29%
was
29%
went
29%
backs
27%
blind
27%
cursed
27%
eyes
27%
Fitting
27%
glory
27%
his
27%
saw
27%
sin
27%
such
27%
their
27%
trudge
27%
ardent
25%
asleep
25%
choking
25%
clumsy
25%
distant
25%
flung
25%
friend
25%
helmets
25%
light
25%
pace
25%
rest
25%
shod
25%
zest
25%
boots
24%
corrupted
24%
cud
24%
deaf
24%
even
24%
flares
24%
from
24%
froth
24%
guttering
24%
hear
24%
high
24%
hoots
24%
lame
24%
lungs
24%
Many
24%
marched
24%
still
24%
towards
24%
turned
24%
before
22%
began
22%
bitter
22%
come
22%
drunk
22%
face
22%
fatigue
22%
had
22%
haunting
22%
limped
22%
shells
22%
someone
22%
stumbling
22%
till
22%
watch
22%
yelling
22%
cancer
20%
desperate
20%
flound'ring
20%
gargling
20%
innocent
20%
jolt
20%
lost
20%
misty
20%
panes
20%
plunges
20%
sight
20%
tongues
20%
white
20%
writhing
20%
devil's
18%
every
18%
helpless
18%
sick
18%
smothering
18%
sores
18%
dropping
16%
hanging
16%
incurable
16%
softly
16%
thick
16%
vile
16%
Dim
14%
obscene
14%
though
4%
No matching quizzes found
Score Distribution
Percent of People with Each Score
Percentile by Number Answered
Your Score History
You have not taken this quiz